Železobetón v pozemnom staviteľstve II. diel /
Salvato in:
| Autore principale: | |
|---|---|
| Natura: | Libro |
| Lingua: | slovacco ceco |
| Pubblicazione: |
Bratislava:
Slovenské vydateľstvo technickej literatúry,
1961
|
| Edizione: | 3. vyd. |
| Serie: | Edícia stavebníckej literatúry
|
| Soggetti: | |
| Tags: |
Nessun Tag, puoi essere il primo ad aggiungerne!!
|
MARC
| LEADER | 00000nam a22000003a 4500 | ||
|---|---|---|---|
| 001 | 0023323 | ||
| 003 | SK-STU | ||
| 005 | 20240130140256.4 | ||
| 007 | ta | ||
| 008 | 170412s ----xo-----e------000-0-----d | ||
| 040 | |a STU |b slo | ||
| 041 | 0 | |a slo |h cze | |
| 044 | |a xo | ||
| 100 | 1 | |a Paul, Jan |4 aut | |
| 245 | 1 | 0 | |a Železobetón v pozemnom staviteľstve II. diel / |c aut. Jan Paul |
| 250 | |a 3. vyd. | ||
| 260 | |a Bratislava: |b Slovenské vydateľstvo technickej literatúry, |c 1961 | ||
| 300 | |a 356 s. | ||
| 490 | 0 | |a Edícia stavebníckej literatúry | |
| 650 | 0 | 7 | |a monolitický skelet |
| 650 | 0 | 7 | |a betonárske práce |
| 650 | 0 | 7 | |a montovaný skelet |
| 650 | 0 | 7 | |a predpätý betón |
| 996 | |b 284V040461 |c V* 52547/O-23704 |l VVS |s A |a 24 |w 0023323_0001 | ||
| 996 | |b 284V041099 |c V* 52865/O-24022 |l VVT |s A |a 24 |w 0023323_0002 | ||